Music Quiz

Random Music or Song Quiz

Beach Boys Opening Lyrics Quiz Stats

 Plays Quiz not verified by Sporcle

Challenge
Share
Tweet
Embed
Score 0/18 Timer 04:00
0 Plays Today
Lyric Song % Correct
'Well she got her daddy’s car and she's cruisin' through the hamburger stand now'Fun, Fun, Fun
91.5%
'Aruba, Jamaica ooo I wanna take you'Kokomo
83.9%
'I, I love the colorful clothes she wears'Good Vibrations
81.3%
'Well since she put me down I 've been out doin' in my head'Help Me Rhonda
76.6%
'I may not always love you, but ‘long as there are stars above you'God Only Knows
75.7%
'Well it’s been building up inside of me for, oh I don’t know how long'Don't Worry Baby
69.6%
'[Title] is the only life, the only way for me'Surfin'
58.5%
'After six hours of school I’ve had enough for the day'Dance, Dance, Dance
53.6%
'Where did your long hair go'Caroline No
49.7%
Lyric Song % Correct
'I've been in this town so long that back in the city I've been taken for lost and gone And unknown for a long long time'Heroes and Villains
46.6%
'It’s automatic when I talk with old friends'Do It Again
37.2%
'You're kinda small and you're such a doll'You're So Good To Me
33.6%
'What good is the dawn that grows into day'The Warmth of the Sun
33.1%
'I sailed an ocean, unsettled ocean'Sail On Sailor
32.4%
'Do you wanna go straight to [Title]'Hawaii
31.6%
'We met when she was younger, Then I had no eyes for her'The Little Girl I Once Knew
27.6%
'I'm a cork on the ocean Floating over the raging sea''Til I Die
24.3%
'The sunday mornin' gospel goes good with the soul'Add Some Music
23.1%

You're not logged in!

Compare scores with friends on all Sporcle quizzes.
Join for Free
OR
Log In

You Might Also Like...

Show Comments

Extras

Top Quizzes Today


Score Distribution

Your Account Isn't Verified!

In order to create a playlist on Sporcle, you need to verify the email address you used during registration. Go to your Sporcle Settings to finish the process.

Report this User

Report this user for behavior that violates our Community Guidelines.

Details: